000 00996nam a2200301Ia 4500
000 nam a22 i 4500
001 UNACH-8892
007 ta
008 221212s ||||fr|||| 00| | spa d
020 _a978-84-200-0956-8
041 0 _aspa
082 0 4 _a615.5
_bMedicina alternativa Terapias, Terapeútica
100 1 _aBruneton, Jean,
_eautor
245 1 0 _aFarmacognosia, fitoquímica plantas medicinales.
250 _a2a ed
264 3 1 _a[Zaragoza] :
_aEspaña :
_bEditorial Acribia S.A,
_c[Fecha de publicación no identificada]
300 _a1099 páginas :
_bgráficos, ilustraciones
336 _atexto
_btxt
_2rdacontent
337 _ano mediado
_bn
_2rdamedia
338 _avolumen
_bnc
_2rdacarrier
505 0 _aCompuestos del metabolismo primario.-- Compuestos fenólicos, sikimatos,acetatos.
650 1 4 _aCIANOGENO
650 2 4 _aSIKIMATOS
650 2 4 _aVEGETALES SUPERIORES
653 0 _aMedicina alternativa Terapias, Terapeútica
942 _2ddc
_c1
_n0
999 _c7180
_d7180